Synthesis and reactins of uronic acid derivatives XXI. Controlled esterfication of oligo-D-galactosiduronic acids roith diazomethane Sledovaná esterifikácia kyselín oligo-D-gala ktozidurónových s diazometánom./

Bibliographic Details
Main Authors: Markovič, Oskar, 1927-2008 (Author), Kováč, P. (Author), Slezárik, A. (Author)
Format: Article
Language:Slovak
English
PhysicalDescription:Tb. 1. Res. angl., rus.
Subjects:

MARC

LEADER 00000nab a2200000 a 4500
001 vtls000098848
003 SK-MaSNL
005 20260304074935.0
008 250422c1981 xo 0 slo
015 |a SNBRB19rr/mm-uuuuu 
035 |a CL0108951 
035 |a urn:nbn:sk:snk-ab7j2d 
035 |a (urnnbn)urn:nbn:sk:snk:ar-005xsk 
035 |a (uuid)d5829707-a6b6-4d6b-a7ab-3d5eb3874e99 
040 |a SNKBUCL  |b slo  |c SNKBUCL  |e AACR2 
041 0 |a eng 
044 |a xo  |c SK 
080 |a 547  |2 1981 
080 |a 542  |2 1981 
100 1 |a Markovič, Oskar,  |d 1927-2008  |4 aut  |9 39850 
245 1 0 |a Synthesis and reactins of uronic acid derivatives XXI. Controlled esterfication of oligo-D-galactosiduronic acids roith diazomethane  |b Sledovaná esterifikácia kyselín oligo-D-gala ktozidurónových s diazometánom./  |c O. Markovič, P. Kováč, A. Slezárik 
300 |b Tb. 1. Res. angl., rus. 
650 0 7 |a urónové kyseliny  |2 snkbucl  |9 78597 
655 7 |a články z novín a časopisov  |2 snkbucl  |9 267496 
700 1 |a Kováč, P.  |4 aut  |9 463283 
700 1 |a Slezárik, A.  |4 aut  |9 1364944 
773 0 |t Chemické zvesti  |g Roč. 35, č. 1 (1981), s. 79-83 
850 |a Slovenská národná knižnica 
852 |a Slovenská národná knižnica 
958 |a article7 
958 |a OND 
958 |a RK 
958 |a EUIPO 
992 |a RBX 
999 |c 2778718  |d 2780648